Introduction to bessel functions

Αποθηκεύτηκε σε:
Λεπτομέρειες βιβλιογραφικής εγγραφής
Κύριος συγγραφέας: Bowman, Frank, 1891-
Μορφή: Βιβλίο
Γλώσσα:English
Δημοσίευση: New York : Dover Publications, 1958
Θέματα:
Ετικέτες: Προσθήκη ετικέτας
Δεν υπάρχουν, Καταχωρήστε ετικέτα πρώτοι!

MARC

LEADER 00000cam a2200000 i 4500
001 1/8960
008 100706s1958 eng d
035 |l 10108453 
040 |a GR-MY-UA  |b gre  |e aacr 
041 0 |a eng 
082 0 |a 515.53  |2 (22) 
100 1 |a Bowman, Frank,   |d 1891- 
245 1 0 |a Introduction to bessel functions /  |c by Frank Bowman 
260 |a New York :   |b Dover Publications,   |c 1958 
300 |a x, 135 σ.;  |b διαγρ.;  |c 20 εκ. 
504 |a Περιέχει ευρετήριο 
650 0 0 |a Bessel functions. 
852 |a INST  |b SAMOS  |c MAG  |e 20100706  |h 515.53 BOW  |p 005300031553  |q 005300031553  |t BK  |y 0 
901 |a BIBL3-2010-2 
909 |a Σ  |b 162638 
970 |a ΣΙΤΖΙΜΗ  |b ΓΙΑΣΕΜΗ  |z 2010/07/06